000 00485nam a22001817a 4500
999 _c525890
_d525890
003 NUST
005 20190705071941.0
038 _aFaiza
082 _a891.4911
_bGUL
100 _aGul Zeb Abbasi
_916836
245 _aPeeran da Chatta /
_cGul Zeb Abbasi
260 _aLahore:
_bAl Fajar Publications,
_c2014.
300 _a112p. ;
500 _aHard Cover
880 _6100-01\r
_aگل زیب عباسی
880 _6245-02\r
_a / پِیڑ ا ں دا چَھٹّا
942 _2ddc
_cBK